00559nam a2200181Ia 4500003000900000008004100009020001800050040001600068080001500084100002100099245008900120260004400209300001400253650004100267650001800308650002300326700002800349IN-BaIIA211028s9999 xx 000 0 eng d a0-19-503437-6 cIIA Library a532.5bMIH aMihalas, Dimitri 0aFoundations of radiation hydrodynamicscDimitri Mihalas and Barbara Weibel Mihalas  aNew YorkbOxford University Pressc1984 axv, 718p. aAstronomy and astrophysics thesaurus aHydrodynamics aRadiative transfer aMihalas, Barbara Weibel